| 000 | 00503nam a2200145Ia 4500 | ||
|---|---|---|---|
| 008 | 100122s9999 xx 000 0 und d | ||
| 082 |
_b27511 _a823.08 |
||
| 100 | _aमहाजन ह रा | ||
| 245 | _aगुन्हेगारांची कैफियत | ||
| 260 |
_bकमलिनी फडके _c1905 |
||
| 300 | _a102 | ||
| 630 | _aगुन्हेगारांची कैफियत | ||
| 730 | _aगुन्हेगारांची कैफियत | ||
| 942 | _cBOOK | ||
| 999 |
_c413568 _d413565 |
||